00542nam a2200145Ia 4500008004000000082001600040100003900056245006700095260003600162300001200198690002000210906001100230999001900241952013600260210210b1998 xxu||||| |||| 00| 0 eng d a025.04 SATM aSATYANARAYANA (B) and others, Eds. aMultimedia: its applications in library & information science. aChennaibT R Publicationsc1998 axvi,267 aLibrary Science a054047 c102058d102058 001040708Library ScienceaALbALcLibrary Scienced2021-02-17g0.00l0o025.04 SATMp054047r2021-02-17 00:00:00w2021-02-17yBK